000 01767nam0a22004331 4500
001 RU\NLR\Cyrp\837
005 20260407070538.0
035 _a(NLR Aleph) 012334879
090 _a11491288
_c11491288
100 _a20140616d1777 |||y0rusy50 ca
101 0 _achu
102 _aRU
105 _ayo||w||||||
135 _acrcn 024anaba
200 1 _aПродолжение десятое поучительных слов
210 _aСПб.
_cТип. Синода
_d1777
215 _a[тит.], 1-79 л. - т.е. 80 л.
_d
316 _a23,8/24,3х19,5х2 см.
_5NLR:
321 1 _aЗерн.-Кам.(1968) 1416
321 1 _aБыкова(1971) 95
321 1 _aГусева(2010) 1043
325 _aКопия доступна в Электрон. б-ке РНБ
620 _dСанкт-Петербург
700 0 _4070
_7ca
_8rus
_aПлатон
_cЛевшин, Пётр Георгиевич
_cмитрополит Московский и Коломенский
_f1737-1812
_9159074
_3RU\NLR\AUTH\770159115
790 1 _6z01700
_aЛевшин
_cмитр. Московский (с 1775), член Св. Синода (с 1768)
_f1737-1812
_gПетр Егорович
_4070
801 0 _aRU
_bNLR
_c20140616
_gpsbo
801 1 _aRU
_bNLR
_c20140616
_2rusmarc
852 _aNLR
_j8.8.37
942 _cBOOK
980 _aNB
980 2 _aCYRP
980 3 _akpcyr
980 3 _akp2021
980 3 _akp
981 2 0 _a(20) Книжные памятники РНБ
_b(20) Отдел редких книг